000 00350nam a2200157Ia 4500
008 230711s9999||||xx |||||||||||||| ||und||
041 _aENG
082 _a720
_bDO-K
100 _aDo It Yourself
245 0 _aKitchen idea
250 _a1st
260 _c1986
_aNew Delhi
_bBland Fored Press
300 _a64
650 _aArchitecture
942 _cBK
999 _c1822
_d1822